000 00489nam a22001817a 4500
003 OSt
005 20211103115312.0
008 211103b |||||||| |||| 00| 0 eng d
020 _a0442013353
040 _cHAWASSA UNIVERSITY
050 _a636.0857028/PES
_b3
082 _a636.08557028/PES
_b3
100 _aPESTI GENE M.
_916762
245 _aANIMAL FEED FORMULATION ECONOMICS AND COMPUTER APPLICATIONS
260 _aNEW YORK
_bLONDON
_c1993
300 _a166
942 _2ddc
_cBOOKS
_n0
999 _c16486
_d16486